Юлий Борисович Харитон: путь длиною в век

Бібліографічні деталі
Співавтор: Российская академия наук (РАН) Институт химической физики им. Н. Н. Семенова (ИХФ)
Інші автори: Гольданский В. И.
Резюме:Монография - второе, дополненное издание вышедшей в 1999 году книги о патриархе отечественной ядерной физики - академике Юлии Борисовиче Харитоне (1904-1996), научном руководителе всемирно известного Российского федерального ядерного центра - Всероссийского НИИ экспериментальной физики в Сарове, больше известного как «Арзамас-16». В книге - биографические сведения о Ю.Б. Харитоне, его научные и другие публикации и доклады; воспоминания коллег академика, его друзей и родных. Фотографии в книге - из семейного архива и предоставленные В. Ахломовым, Ю. Балашовым, В. Генде-Роте, С. Гурарием, В. Лукьяновым, Г. Розенбергом и Р. дель Тредичи. Авторы нескольких фотографий неизвестны. Для широкого круга читателей.
Мова:Російська
Опубліковано: Москва, Наука, 2005
Редагування:2-е изд., доп.
Предмети:
Формат: Книга
KOHA link:https://koha.lib.tpu.ru/cgi-bin/koha/opac-detail.pl?biblionumber=78588

MARC

LEADER 00000nam0a2200000 4500
001 78588
005 20231101213012.0
010 |a 5020336815 
035 |a (RuTPU)RU\TPU\book\84273 
090 |a 78588 
100 |a 20050627d2005 k y0rusy50 ca 
101 0 |a rus 
102 |a RU 
105 |a ac z 001zd 
200 1 |a Юлий Борисович Харитон: путь длиною в век  |f Российская академия наук; Институт химической физики им. Н. Н. Семенова; гл. ред. В. И. Гольданский 
205 |a 2-е изд., доп. 
210 |a Москва  |c Наука  |d 2005 
215 |a 557 с.  |c ил. 
320 |a Коротко об авторах: с. 555-557 
330 |a Монография - второе, дополненное издание вышедшей в 1999 году книги о патриархе отечественной ядерной физики - академике Юлии Борисовиче Харитоне (1904-1996), научном руководителе всемирно известного Российского федерального ядерного центра - Всероссийского НИИ экспериментальной физики в Сарове, больше известного как «Арзамас-16». В книге - биографические сведения о Ю.Б. Харитоне, его научные и другие публикации и доклады; воспоминания коллег академика, его друзей и родных. Фотографии в книге - из семейного архива и предоставленные В. Ахломовым, Ю. Балашовым, В. Генде-Роте, С. Гурарием, В. Лукьяновым, Г. Розенбергом и Р. дель Тредичи. Авторы нескольких фотографий неизвестны. Для широкого круга читателей. 
600 1 |a Харитон  |b Ю. Б.  |c русский физик  |f 1904-1996  |g Юлий Борисович  |c ядерная физика  |2 stltpush  |3 (RuTPU)RU\TPU\pers\11149 
600 1 |a Иоффе  |b А. Ф.  |c российский физик  |c академик  |f 1880-1960  |g Абрам Федорович  |2 stltpush  |3 (RuTPU)RU\TPU\pers\5701  |9 1134 
600 1 |a Курчатов  |g Игорь Васильевич  |b И. В.  |c российский физик  |c академик АН СССР  |f 1902/1903-1960  |2 stltpui  |3 (RuTPU)RU\TPU\pers\1083 
600 1 |a Капица  |g Петр Леонидович  |c российский физик  |f 1894-1984  |b П. Л.  |2 stltpui  |3 (RuTPU)RU\TPU\pers\1097 
610 1 |a ядерная физика 
610 1 |a история 
610 1 |a воспоминания 
675 |a 539.1(092)  |v 3 
702 1 |a Гольданский  |b В. И.  |4 651 
712 0 2 |a Российская академия наук (РАН)  |b Институт химической физики им. Н. Н. Семенова (ИХФ)  |c (Москва)  |2 stltpush  |3 (RuTPU)RU\TPU\col\881 
801 1 |a RU  |b 63413507  |c 20050627  |g PSBO 
801 2 |a RU  |b 63413507  |c 20081021  |g PSBO 
942 |c BK 
959 |a 53/20050505  |d 1  |e 0  |f НФ:1